UEFA Champions League players 2006/07 - Statistics

General Stats
  • This quiz has been taken 6 times
  • The average score is 311 of 693
Answer Stats
Rank Player Positions Nationality Matches Goals (assists) Clubs % Correct
371 Adriano FW 4 0 (0)
100%
449 Adriano DF, FW 3 0 (0)
100%
528 Alejandro Alonso MF 2 1 (0)
100%
63 Alessandro Nesta DF 8 0 (0)
100%
65 Alexander Hleb MF 8 1 (0)
100%
612 Alexandre Song DF, MF 1 0 (0)
100%
303 Alou Diarra MF 5 1 (0)
100%
4 Andrea Pirlo MF 12 1 (1)
100%
66 Andrés Iniesta MF 8 2 (0)
100%
24 Andriy Shevchenko FW 10 3 (2)
100%
67 Arjen Robben MF, FW 8 1 (1)
100%
44 Ashley Cole DF 9 0 (2)
100%
177 Cafú DF 6 0 (1)
100%
5 Clarence Seedorf MF 12 2 (4)
100%
27 Craig Bellamy FW 10 1 (3)
100%
73 Cristian Chivu DF 8 0 (0)
100%
14 Cristiano Ronaldo MF, FW 11 3 (4)
100%
15 Daniel Agger DF 11 1 (1)
100%
184 Daniel Carvalho MF 6 1 (1)
100%
28 Daniel Van Buyten DF 10 2 (0)
100%
48 Darren Fletcher MF 9 0 (1)
100%
49 David Silva MF, FW 9 2 (2)
100%
74 Deco MF 8 2 (3)
100%
16 Dida GK 11 0 (0)
100%
6 Didier Drogba FW 12 6 (2)
100%
628 Diego López GK 1 0 (0)
100%
17 Dirk Kuyt DF, FW 11 1 (2)
100%
7 Edwin van der Sar GK 12 0 (0)
100%
75 Eiður Guðjohnsen MF, FW 8 3 (0)
100%
196 Emmanuel Adebayor FW 6 0 (0)
100%
555 Esteban Cambiasso MF 2 1 (0)
100%
77 Fernando Morientes FW 8 6 (1)
100%
31 Filippo Inzaghi FW 10 4 (1)
100%
52 Francesco Totti MF, FW 9 4 (3)
100%
18 Frank Lampard MF 11 1 (2)
100%
78 Gabriel Heinze DF 8 0 (1)
100%
203 Gaël Clichy DF 6 0 (0)
100%
204 Gary Neville DF 6 0 (0)
100%
205 Gianluca Zambrotta DF 6 0 (0)
100%
126 Gilberto Silva DF, MF 7 1 (0)
100%
397 Giovanni van Bronckhorst DF, MF 4 0 (0)
100%
641 Harry Kewell MF, FW 1 0 (0)
100%
567 Henrik Larsson FW 2 1 (0)
100%
8 Jamie Carragher DF, MF 12 0 (0)
100%
83 Javier Zanetti DF, MF 8 0 (0)
100%
86 Jens Lehmann GK 8 0 (0)
100%
648 Jerzy Dudek GK 1 0 (0)
100%
649 FW 1 0 (0)
100%
133 Joe Cole MF 7 1 (0)
100%
20 John Arne Riise DF, MF 11 2 (0)
100%
480 John Carew FW 3 1 (0)
100%
53 John Obi Mikel MF 9 0 (1)
100%
21 John O'Shea DF, MF 11 1 (0)
100%
34 John Terry DF 10 0 (1)
100%
224 Júlio César DF 6 1 (0)
100%
225 Júlio César GK 6 0 (0)
100%
226 Júlio César MF, FW 6 2 (0)
100%
1 Kaká MF, FW 13 10 (3)
100%
88 Kakha Kaladze DF, MF 8 0 (0)
100%
227 Kim Källström MF 6 1 (1)
100%
329 Lassana Diarra MF 5 0 (1)
100%
412 Lilian Thuram DF 4 0 (0)
100%
91 Lisandro López MF, FW 8 3 (2)
100%
93 Lucho González MF 8 3 (1)
100%
94 Lúcio DF 8 2 (0)
100%
137 Lukas Podolski MF, FW 7 1 (1)
100%
138 Mahamadou Diarra MF 7 1 (1)
100%
414 Manuel da Costa DF 4 0 (0)
100%
415 Marek Čech DF 4 0 (0)
100%
489 Mariano González MF 3 0 (0)
100%
234 Mark González MF, FW 6 0 (0)
100%
98 Mark van Bommel MF 8 1 (1)
100%
36 Michael Ballack MF 10 2 (0)
100%
10 Michael Carrick MF 12 2 (0)
100%
37 Michael Essien DF, MF 10 2 (0)
100%
245 Miroslav Klose FW 6 0 (0)
100%
103 Nemanja Vidić DF 8 1 (0)
100%
254 Ole Gunnar Solskjær FW 6 1 (2)
100%
55 Oliver Kahn GK 9 0 (0)
100%
56 Paolo Maldini DF 9 0 (1)
100%
146 Patrice Evra DF 7 1 (0)
100%
22 Paul Scholes MF 11 1 (1)
100%
105 Pepe DF, MF 8 0 (0)
100%
11 Pepe Reina GK 12 0 (0)
100%
12 Peter Crouch FW 12 6 (0)
100%
107 Petr Čech GK 8 0 (0)
100%
57 Philipp Lahm DF, MF 9 0 (1)
100%
264 Rafael Márquez DF, MF 6 0 (0)
100%
151 Raúl FW 7 5 (0)
100%
39 Ricardo Carvalho DF 10 0 (1)
100%
598 Ricardo Costa DF 2 0 (0)
100%
354 Rigobert Song DF 5 0 (0)
100%
58 Rio Ferdinand DF 9 0 (0)
100%
110 Roberto Carlos DF 8 0 (1)
100%
152 Robinho MF, FW 7 1 (0)
100%
437 Ronaldo FW 4 2 (0)
100%
154 Ruud van Nistelrooy FW 7 6 (2)
100%
113 Ryan Giggs MF, FW 8 2 (6)
100%
23 Salomon Kalou MF, FW 11 0 (0)
100%
509 Sami Hyypiä DF 3 0 (0)
100%
276 Sergio Ramos DF 6 1 (0)
100%
114 Shunsuke Nakamura MF 8 2 (3)
100%
155 Steven Gerrard MF 7 3 (2)
100%
605 Thierry Henry FW 2 1 (1)
100%
524 Wayne Bridge DF 3 0 (0)
100%
13 Wayne Rooney MF, FW 12 4 (0)
100%
3 Xabi Alonso MF 13 0 (0)
100%
158 Xavi MF 7 0 (1)
100%
160 Zlatan Ibrahimović FW 7 0 (1)
100%
526 Abel Ferreira DF 2 0 (0)
67%
609 Abou Diaby MF 1 0 (0)
67%
372 Alan Smith MF, FW 4 1 (0)
67%
163 Aleksei Berezutski DF 6 0 (0)
67%
610 Alessandro Costacurta DF 1 0 (0)
67%
64 Alex DF 8 2 (0)
67%
450 Anderson MF 3 0 (1)
67%
534 Anderson DF 2 0 (0)
67%
167 Antonios Nikopolidis GK 6 0 (0)
67%
168 Atiba Hutchinson DF, MF 6 1 (1)
67%
69 Bastian Schweinsteiger DF, MF 8 2 (0)
67%
25 Boudewijn Zenden DF, FW 10 0 (1)
67%
174 Brede Hangeland DF 6 0 (0)
67%
70 Bruno Alves DF 8 0 (0)
67%
71 Carles Puyol DF 8 1 (0)
67%
457 Carlos Martins MF 3 0 (0)
67%
45 Carlos Salcido DF, MF 9 0 (0)
67%
72 Cesc Fàbregas MF, FW 8 0 (1)
67%
46 Christian Panucci DF 9 1 (0)
67%
179 Cihan Haspolatlı DF 6 0 (0)
67%
26 Claudio Pizarro FW 10 4 (0)
67%
120 Cris DF 7 0 (0)
67%
187 Daniele Bonera DF 6 0 (0)
67%
29 Daniele De Rossi DF, MF 10 2 (0)
67%
309 Darijo Srna DF, MF 5 0 (0)
67%
311 David Albelda DF, MF 5 0 (0)
67%
122 David Pizarro MF 7 1 (1)
67%
50 David Villa MF, FW 9 4 (3)
67%
123 Dejan Stanković MF 7 0 (1)
67%
627 Denílson MF 1 0 (0)
67%
30 Doni GK 10 0 (0)
67%
552 Edmílson DF, MF 2 0 (0)
67%
389 Emmanuel Eboué DF, MF 4 1 (1)
67%
198 Fabio Cannavaro DF 6 0 (0)
67%
200 Faryd Mondragón GK 6 0 (0)
67%
635 Fernando Cavenaghi FW 1 0 (0)
67%
556 Fernando Gago MF 2 0 (0)
67%
125 Florent Malouda MF, FW 7 2 (0)
67%
394 Freddie Ljungberg MF, FW 4 0 (0)
67%
19 Gennaro Gattuso MF 11 0 (0)
67%
470 Giorgos Karagounis MF 3 0 (0)
67%
399 Hakan Şükür FW 4 0 (0)
67%
32 Hasan Salihamidžić DF, MF 10 1 (2)
67%
80 Helton Arruda GK 8 0 (0)
67%
33 Heurelho Gomes GK 10 0 (0)
67%
401 Hugo Almeida FW 4 0 (0)
67%
211 Igor Akinfeev GK 6 0 (0)
67%
130 Iker Casillas GK 7 0 (0)
67%
324 Iván Helguera DF, MF 5 0 (1)
67%
214 Ivica Olić FW 6 1 (0)
67%
645 Javier Saviola FW 1 0 (0)
67%
644 Javi García DF, MF 1 0 (1)
67%
85 Jefferson Farfán MF, FW 8 0 (0)
67%
132 Jérémy Toulalan DF, MF 7 0 (0)
67%
9 Jermaine Pennant MF 12 0 (1)
67%
650 João Alves MF, FW 1 0 (0)
67%
326 Jorge López MF 5 0 (0)
67%
652 José Moreno Mora FW 1 0 (0)
67%
571 Juliano Belletti DF, MF 2 0 (0)
67%
408 Júlio Baptista MF, FW 4 1 (0)
67%
409 Julio Ricardo Cruz FW 4 3 (1)
67%
327 Junichi Inamoto MF 5 1 (0)
67%
134 Juninho Pernambucano MF 7 1 (5)
67%
89 Kenny Miller FW 8 3 (0)
67%
411 Kieran Richardson DF, MF 4 1 (0)
67%
486 Kléber FW 3 0 (0)
67%
135 Kolo Touré DF 7 0 (0)
67%
228 Kostas Katsouranis DF, MF 6 1 (0)
67%
332 Lionel Messi MF, FW 5 1 (0)
67%
92 Louis Saha FW 8 3 (2)
67%
95 Ludovic Giuly MF, FW 8 2 (1)
67%
136 Luís Figo MF, FW 7 0 (0)
67%
333 Luis García MF 5 3 (0)
67%
337 Marcus Allbäck FW 5 3 (1)
67%
2 Marek Jankulovski DF, MF 13 0 (0)
67%
490 Mariusz Lewandowski DF, MF 3 0 (0)
67%
418 Mark De Man DF, FW 4 0 (0)
67%
419 Marouane Chamakh FW 4 0 (0)
67%
235 Martín Demichelis DF, MF 6 0 (0)
67%
421 Mathieu Flamini MF 4 0 (0)
67%
662 Míchel Salgado DF 1 0 (0)
67%
585 Miguel Garcia DF 2 0 (0)
67%
665 Milan Baroš FW 1 0 (0)
67%
243 Miloš Krasić MF 6 0 (0)
67%
244 Mirko Vučinić FW 6 1 (0)
67%
589 Miroslav Ivanov MF 2 0 (0)
67%
143 Mohamed Sissoko MF 7 0 (0)
67%
249 Nani MF, FW 6 1 (0)
67%
425 Necati Ateş MF, FW 4 1 (0)
67%
102 Neil Lennon MF 8 0 (0)
67%
253 Nuno Gomes FW 6 1 (1)
67%
346 Oleguer Presas DF 5 0 (0)
67%
500 Orhan Ak DF 3 0 (0)
67%
349 Paolo Guerrero FW 5 0 (0)
67%
504 Patrick Müller DF 3 0 (0)
67%
430 Patrick Vieira MF 4 1 (1)
67%
259 Paulo Ferreira DF 6 0 (0)
67%
350 Per Mertesacker DF 5 1 (0)
67%
148 Philippe Mexès DF 7 0 (1)
67%
507 Rafael van der Vaart MF 3 3 (1)
67%
38 Raúl Albiol DF 10 1 (0)
67%
265 Răzvan Raț DF 6 0 (0)
67%
108 Ricardo Quaresma MF, FW 8 2 (1)
67%
269 Rivaldo MF, FW 6 0 (2)
67%
435 Robbie Fowler FW 4 2 (0)
67%
109 Roberto Ayala DF 8 1 (0)
67%
270 Robin van Persie FW 6 1 (1)
67%
436 Rodrigo MF 4 0 (0)
67%
111 Ronaldinho MF, FW 8 2 (2)
67%
153 Roque Santa Cruz FW 7 1 (0)
67%
112 Roy Makaay FW 8 2 (0)
67%
599 Rubén Baraja MF 2 0 (0)
67%
274 Sabri Sarıoğlu DF, MF 6 0 (1)
67%
510 Samuel Eto'o FW 3 1 (3)
67%
275 Saša Ilić MF 6 2 (0)
67%
602 Serhat Akın MF, FW 2 0 (0)
67%
359 Shaun Maloney MF, FW 5 0 (1)
67%
277 Shaun Wright-Phillips MF, FW 6 1 (0)
67%
278 Simão Sabrosa MF 6 0 (1)
67%
40 Steve Finnan DF 10 0 (4)
67%
361 Stjepan Tomas DF 5 0 (0)
67%
287 Tobias Linderoth MF 6 0 (0)
67%
156 Tony Sylva GK 7 0 (0)
67%
291 Ümit Karan FW 6 2 (0)
67%
365 Vágner Love FW 5 0 (0)
67%
292 Vasili Berezutski DF 6 0 (1)
67%
523 Walter Samuel DF 3 0 (0)
67%
157 Wes Brown DF 7 0 (0)
67%
294 William Gallas DF 6 0 (0)
67%
62 Willy Sagnol DF 9 0 (2)
67%
159 Yoann Gourcuff MF 7 1 (0)
67%
299 Aaron Hunt MF, FW 5 0 (0)
33%
118 Abdul Kader Keïta MF, FW 7 1 (2)
33%
300 Ahmed Hassan MF 5 0 (1)
33%
161 Aiden McGeady MF, FW 6 0 (0)
33%
301 Akis Zikos MF 5 0 (1)
33%
527 Alan MF, FW 2 0 (0)
33%
302 Alberto Aquilani MF 5 0 (0)
33%
42 Alberto Gilardino FW 9 2 (1)
33%
373 Aleandro Rosi DF, MF 4 0 (1)
33%
162 Alecsandro FW 6 0 (0)
33%
529 Aleksei Rebko MF 2 0 (0)
33%
530 Aleksei Zuev GK 2 0 (0)
33%
611 Alexander Laas MF 1 0 (0)
33%
531 Ali Karimi MF, FW 2 0 (0)
33%
533 Álvaro Recoba MF, FW 2 0 (1)
33%
374 Anastasios Pantos DF 4 0 (0)
33%
304 Anatoliy Tymoshchuk DF, MF 5 0 (0)
33%
164 Ânderson Polga DF 6 0 (0)
33%
536 Andreas Görlitz DF, MF 2 0 (0)
33%
119 Andreas Ottl MF 7 0 (0)
33%
613 Andreas Reinke GK 1 0 (0)
33%
535 André Bergdølmo DF 2 0 (0)
33%
537 Andrei Karyaka MF 2 1 (0)
33%
375 Andrija Delibašić FW 4 0 (0)
33%
451 Andriy Nesmachniy DF 3 0 (0)
33%
538 Andriy Vorobey FW 2 0 (0)
33%
165 Anthony Réveillère DF 6 0 (0)
33%
166 Anthony Vanden Borre DF, MF 6 1 (0)
33%
376 Antonio Cassano FW 4 0 (0)
33%
305 Arda Turan MF, FW 5 0 (1)
33%
43 Arouna Koné FW 9 2 (1)
33%
306 Artem Milevskiy FW 5 1 (0)
33%
68 Artur Boruc GK 8 0 (0)
33%
539 Asier del Horno DF 2 0 (0)
33%
452 Athanasios Kostoulas DF 3 0 (0)
33%
616 Aydın Yılmaz MF 1 0 (0)
33%
377 Ayhan Akman MF 4 0 (0)
33%
169 Ayila Yussuf DF, MF 6 0 (0)
33%
453 Badr El Kaddouri DF 3 0 (0)
33%
170 Bănel Nicoliță MF 6 0 (1)
33%
171 Bart Goor MF 6 0 (1)
33%
454 Benny Feilhaber MF 3 0 (0)
33%
541 Besart Berisha FW 2 1 (0)
33%
617 Beto DF, MF 1 0 (0)
33%
542 Bobo Baldé DF 2 0 (0)
33%
379 Bohdan Shust GK 4 0 (0)
33%
172 Boubacar Sanogo FW 6 2 (0)
33%
173 Brandão FW 6 0 (0)
33%
175 Bruno Cirillo DF 6 1 (0)
33%
176 Bruno Moraes FW 6 1 (1)
33%
619 Caçapa DF, MF 1 0 (0)
33%
620 Carlo Cudicini GK 1 0 (0)
33%
544 Carlos Bueno FW 2 1 (0)
33%
455 Carlos Fernandes GK 3 0 (0)
33%
456 Carlos Marchena DF, MF 3 0 (0)
33%
307 Carlos Paredes MF 5 0 (0)
33%
178 Cédric Bardon MF, FW 6 0 (0)
33%
621 Chidi Odiah DF, MF 1 0 (0)
33%
380 Christian Lell DF 4 0 (1)
33%
458 Christian Schulz DF, MF 3 0 (0)
33%
459 Christian Wilhelmsson MF 3 0 (0)
33%
622 Cicinho DF 1 0 (0)
33%
180 Ciprian Marica FW 6 2 (0)
33%
47 Claude Makélélé MF 9 0 (1)
33%
181 Clemens Fritz DF, MF 6 0 (0)
33%
546 Collin Benjamin DF, MF 2 0 (0)
33%
460 Cornel Cernea GK 3 0 (0)
33%
547 Craig Beattie FW 2 0 (0)
33%
121 Cristian Brocchi MF 7 0 (1)
33%
381 Csaba Fehér DF, MF 4 0 (0)
33%
548 Curro Torres DF 2 0 (0)
33%
182 Cyril Théréau FW 6 0 (1)
33%
183 Daniel Borimirov MF 6 0 (0)
33%
551 Daniel Jensen MF 2 0 (0)
33%
186 Dániel Tőzsér MF 6 0 (0)
33%
308 Daniel Zítka GK 5 0 (0)
33%
188 Danijel Ljuboja FW 6 0 (0)
33%
623 Danny Guthrie MF 1 0 (0)
33%
550 Dan Thomassen DF 2 0 (0)
33%
310 Dario Šimić DF 5 0 (0)
33%
462 Darren O'Dea DF 3 0 (0)
33%
189 David Beckham MF 6 0 (0)
33%
463 David Jarolím MF 3 0 (0)
33%
312 David Jemmali DF 5 0 (0)
33%
464 David Navarro DF 3 0 (0)
33%
626 Davy Schollen GK 1 0 (0)
33%
190 Deividas Šemberas DF, MF 6 0 (0)
33%
382 Denis Boyarintsev MF, FW 4 2 (1)
33%
465 Didier Domi DF 3 0 (0)
33%
191 Diego MF 6 1 (0)
33%
313 Diego Tardelli MF, FW 5 0 (0)
33%
314 Dimitar Telkiyski MF 5 0 (0)
33%
383 Diogo Rincón MF 4 0 (1)
33%
629 Dirk Marcellis DF 1 0 (0)
33%
631 Dmytro Shutkov GK 1 0 (0)
33%
192 Dorin Goian DF 6 0 (0)
33%
193 Dudu Cearense MF 6 1 (0)
33%
51 Édison Méndez MF 9 1 (1)
33%
385 Edixon Perea FW 4 0 (0)
33%
386 Edu Gaspar MF 4 0 (0)
33%
387 Elano MF 4 0 (0)
33%
194 Elin Topuzakov DF 6 0 (0)
33%
315 Elvir Rahimić MF 5 0 (0)
33%
195 Emerson MF 6 0 (0)
33%
388 Emerson MF 4 0 (0)
33%
553 Emil Angelov MF, FW 2 0 (0)
33%
76 Emiliano Moretti DF 8 0 (1)
33%
632 Emre Aşık DF 1 0 (0)
33%
554 Ergün Penbe DF, MF 2 0 (0)
33%
390 Eric Addo DF, MF 4 0 (0)
33%
316 Evander Sno MF 5 0 (0)
33%
197 Evgeni Aldonin MF 6 0 (0)
33%
391 Fábio Aurélio DF, MF 4 0 (1)
33%
317 Fabrizio Miccoli FW 5 2 (0)
33%
392 Félix Borja FW 4 0 (0)
33%
634 Ferhat Öztorun DF 1 0 (0)
33%
318 Fernandinho DF, MF 5 1 (0)
33%
467 Florian Marange DF 3 0 (0)
33%
557 Florin Cernat MF 2 1 (0)
33%
558 Francesco Tavano FW 2 0 (0)
33%
559 Francesco Toldo GK 2 0 (0)
33%
560 Francisco Fonseca FW 2 0 (0)
33%
393 Franck Jurietti DF 4 0 (0)
33%
201 François Clerc DF 6 0 (1)
33%
468 Frank Baumann DF, MF 3 1 (0)
33%
202 Fredrik Berglund MF, FW 6 0 (1)
33%
561 Gabriel Boștină MF 2 0 (0)
33%
469 Gabriel Obertan MF, FW 3 0 (0)
33%
562 Gabriel Paletta DF 2 0 (0)
33%
395 Gary Caldwell DF, MF 4 0 (0)
33%
322 Georgios Anatolakis DF 5 0 (0)
33%
396 Georgi Petkov GK 4 0 (0)
33%
564 Geremi DF, MF 2 0 (0)
33%
471 Giuseppe Favalli DF 3 0 (0)
33%
565 Gonzalo Higuaín MF, FW 2 0 (0)
33%
398 Goran Gavrančić DF 4 0 (0)
33%
637 Goran Sablić DF 1 0 (0)
33%
79 Grégory Tafforeau DF 8 0 (0)
33%
472 Gustavo Manduca MF, FW 3 0 (0)
33%
128 Guti MF, FW 7 0 (2)
33%
639 Guy Demel DF, MF 1 0 (0)
33%
566 Haruna Babangida MF, FW 2 0 (0)
33%
642 Hasan Kabze MF, FW 1 0 (0)
33%
400 Hasan Şaş MF 4 0 (0)
33%
206 Hélder Postiga FW 6 1 (0)
33%
568 Henrique DF 2 0 (0)
33%
473 Henrique Hilário GK 3 0 (0)
33%
207 Hernán Crespo FW 6 1 (0)
33%
208 Hjalte Nørregaard MF 6 0 (0)
33%
209 Hristo Yovov MF, FW 6 0 (1)
33%
323 Ibrahim Afellay MF, FW 5 0 (0)
33%
569 Ibson MF 2 0 (0)
33%
210 Ieroklis Stoltidis MF 6 0 (1)
33%
570 Ifeanyi Udeze DF 2 0 (0)
33%
402 Igor Duljaj DF, MF 4 0 (0)
33%
212 Igor Tomašić DF 6 0 (0)
33%
474 Ioannis Okkas FW 3 0 (0)
33%
213 Ivan Klasnić FW 6 0 (1)
33%
215 Jádson MF 6 1 (2)
33%
81 Jan Kromkamp DF 8 1 (0)
33%
404 Jan Vennegoor of Hesselink FW 4 1 (0)
33%
82 Jason Culina MF 8 0 (2)
33%
405 Javier Mascherano DF, MF 4 0 (0)
33%
216 Jean-Claude Darcheville FW 6 1 (1)
33%
84 Jean Makoun MF 8 1 (0)
33%
477 Jelle Van Damme DF, MF 3 0 (0)
33%
217 Jesper Christiansen GK 6 0 (0)
33%
218 Jiří Jarošík DF, MF 6 1 (0)
33%
219 João Moutinho MF 6 0 (0)
33%
87 Joaquín MF, FW 8 0 (1)
33%
479 Johan Djourou DF 3 0 (0)
33%
406 Jonathan Legear MF 4 0 (0)
33%
220 Jorge Fucile DF 6 0 (0)
33%
221 Joris Mathijsen DF 6 0 (0)
33%
407 José Antonio Reyes MF 4 1 (1)
33%
222 José Bosingwa DF 6 0 (0)
33%
482 Joseph Enakarhire DF 3 0 (0)
33%
484 Julius Aghahowa FW 3 0 (0)
33%
572 Jurica Vranješ MF 2 0 (1)
33%
410 Justin Hoyte DF 4 0 (0)
33%
485 Karim Benzema FW 3 2 (0)
33%
573 Kevin Mirallas MF, FW 2 0 (0)
33%
328 Khalid Boulahrouz DF 5 0 (0)
33%
575 Klemi Saban DF 2 0 (0)
33%
655 Leandro Romagnoli MF 1 0 (0)
33%
90 Lee Naylor DF 8 0 (0)
33%
230 Léo DF 6 0 (1)
33%
330 Liédson MF, FW 5 0 (1)
33%
331 Lilian Laslandes FW 5 1 (1)
33%
231 Lucas Biglia MF 6 0 (0)
33%
413 Lúcio Wagner DF, MF 4 0 (0)
33%
658 Ludovic Butelle GK 1 0 (0)
33%
576 Ludovic Obraniak MF 2 0 (0)
33%
334 Luisão DF 5 0 (0)
33%
335 Maciej Żurawski FW 5 0 (0)
33%
232 Maksim Shatskikh FW 6 2 (0)
33%
487 Maksym Kalynychenko MF 3 2 (0)
33%
139 Mancini MF, FW 7 1 (1)
33%
488 Mantorras FW 3 0 (0)
33%
578 Marcelo Carrusca MF 2 0 (0)
33%
659 Marco Andreolli DF 1 0 (0)
33%
579 Marco Borriello FW 2 0 (0)
33%
336 Marco Caneira DF 5 1 (0)
33%
97 Marco Cassetti DF, MF 8 0 (0)
33%
577 Marc Planus DF 2 0 (0)
33%
416 Mario Regueiro MF, FW 4 0 (0)
33%
417 Marjan Marković DF, MF 4 0 (0)
33%
420 Martin Bergvold MF 4 0 (0)
33%
236 Martin Jiránek DF 6 0 (1)
33%
338 Martin Stranzl DF, MF 5 0 (0)
33%
35 Massimo Ambrosini MF 10 0 (1)
33%
99 Matthieu Chalmé DF 8 0 (0)
33%
340 Matuzalém MF 5 2 (1)
33%
142 Max Tonetto DF, MF 7 0 (0)
33%
238 M'barek Boussoufa MF 6 0 (2)
33%
584 Mbo Mpenza FW 2 2 (0)
33%
239 Mehdi Mahdavikia DF, MF 6 0 (1)
33%
423 Mehmet Scholl MF 4 0 (0)
33%
240 Michael Gravgaard DF 6 0 (0)
33%
242 Michalis Konstantinou FW 6 2 (0)
33%
341 Michał Żewłakow DF 5 0 (0)
33%
424 Michel Bastos DF, MF 4 0 (0)
33%
100 Miguel Ángel Angulo MF, FW 8 1 (0)
33%
494 Miguel Torres DF 3 0 (0)
33%
342 Miguel Veloso MF 5 0 (0)
33%
587 Mihai Neșu DF 2 0 (0)
33%
495 Mikaël Silvestre DF 3 0 (0)
33%
101 Mika Väyrynen MF 8 1 (1)
33%
666 Milivoje Vitakić DF, MF 1 0 (0)
33%
343 Miloš Marić MF 5 0 (1)
33%
588 Mirel Rădoi DF, MF 2 0 (0)
33%
246 Mohamed Tchité FW 6 0 (2)
33%
247 Mozart MF 6 0 (1)
33%
248 Naldo DF 6 1 (0)
33%
344 Nery Castillo DF, FW 5 3 (1)
33%
250 Nicolae Dică MF, FW 6 4 (1)
33%
345 Nicolás Burdisso DF 5 0 (0)
33%
497 Nicolás Frutos FW 3 2 (0)
33%
427 Nicolás Pareja DF 4 1 (0)
33%
104 Nicolas Plestan DF 8 0 (0)
33%
498 Nigel de Jong MF 3 0 (0)
33%
668 Nikita Bazhenov MF, FW 1 0 (0)
33%
428 Nikolaos Georgeas DF, MF 4 0 (1)
33%
669 Nikolay Mihaylov GK 1 0 (0)
33%
251 Nikos Liberopoulos MF, FW 6 1 (1)
33%
670 Okan Buruk MF 1 1 (0)
33%
255 Oleh Husyev DF, MF 6 0 (1)
33%
671 Oleksandr Aliyev MF, FW 1 0 (0)
33%
590 Oleksandr Kucher DF 2 0 (0)
33%
347 Oleksandr Shovkovskiy GK 5 0 (0)
33%
591 Oleksiy Gai MF 2 0 (0)
33%
256 Olivier Deschacht DF 6 0 (0)
33%
429 Oscar Wendt DF, MF 4 0 (0)
33%
348 Owen Hargreaves MF 5 0 (0)
33%
501 Pantelis Kafes MF, FW 3 0 (0)
33%
672 Park Ji-sung MF 1 0 (0)
33%
673 Patrick Owomoyela DF, MF 1 0 (0)
33%
258 Paul Telfer DF, MF 6 0 (0)
33%
432 Përparim Hetemaj MF 4 0 (1)
33%
106 Peter Odemwingie FW 8 2 (2)
33%
593 Petri Pasanen DF 2 0 (0)
33%
594 Philippe Senderos DF 2 0 (0)
33%
433 Pierre Ducasse MF 4 0 (0)
33%
353 Pierre Womé DF 5 0 (0)
33%
260 Piotr Trochowski MF 6 1 (1)
33%
595 Pontus Farnerud MF 2 0 (0)
33%
261 Predrag Đorđević MF 6 0 (1)
33%
262 Quim GK 6 0 (0)
33%
505 Quincy Owusu-Abeyie MF, FW 3 0 (0)
33%
263 Radoslav Kováč DF, MF 6 1 (0)
33%
506 Rafael Schmitz DF 3 0 (0)
33%
434 Raphaël Wicky DF, MF 4 0 (0)
33%
674 Raúl Bravo DF 1 0 (0)
33%
150 Raul Meireles MF 7 1 (0)
33%
596 Razak Pimpong MF, FW 2 0 (0)
33%
675 Rémy Vercoutre GK 1 0 (0)
33%
597 René Klingbeil DF 2 0 (0)
33%
267 Ricardo GK 6 0 (0)
33%
508 Ricardo Faty MF 3 0 (0)
33%
266 Ricardo Oliveira FW 6 0 (0)
33%
268 Richard Eromoigbe MF 6 0 (0)
33%
356 Rodolfo DF 5 0 (0)
33%
59 Rodrigo Taddei DF, FW 9 2 (1)
33%
271 Rodrigo Tello MF 6 0 (0)
33%
357 Roland Juhász DF 5 1 (0)
33%
678 Rolan Gusev MF 1 0 (0)
33%
272 Roman Pavlyuchenko FW 6 2 (0)
33%
273 Roman Shishkin DF, MF 6 0 (0)
33%
679 Ronny DF, MF 1 0 (1)
33%
680 Rubén de la Red MF 1 0 (0)
33%
60 Santiago Cañizares GK 9 0 (0)
33%
600 Santiago Ezquerro FW 2 0 (0)
33%
438 Santiago Solari MF 4 0 (0)
33%
511 Sascha Kirschstein GK 3 0 (0)
33%
682 Sebastian Deisler MF 1 0 (0)
33%
439 Sergei Ignashevich DF 4 0 (1)
33%
601 Serghei Covalciuc MF 2 0 (0)
33%
683 Serginho DF, MF 1 0 (0)
33%
512 Serhiy Rebrov MF, FW 3 1 (0)
33%
360 Sidney Govou MF, FW 5 0 (2)
33%
61 Simone Perrotta MF 9 1 (0)
33%
279 Sorin Ghionea DF 6 1 (0)
33%
280 Sorin Paraschiv MF 6 0 (1)
33%
440 Souleymane Youla FW 4 0 (0)
33%
281 Stanislav Angelov DF, MF 6 0 (0)
33%
282 Stathis Tavlaridis DF 6 0 (0)
33%
283 Stefano Sorrentino GK 6 0 (0)
33%
441 Stefan Wächter GK 4 0 (0)
33%
515 Stelian Stancu DF, MF 3 0 (0)
33%
115 Stephen McManus DF 8 0 (0)
33%
442 Stephen Pearson MF 4 1 (0)
33%
686 Stipe Pletikosa GK 1 0 (0)
33%
284 Sylvain Wiltord MF, FW 6 0 (0)
33%
604 Sylvinho DF 2 0 (0)
33%
687 Taras Lutsenko GK 1 0 (0)
33%
443 Taras Mykhalyk DF, MF 4 0 (0)
33%
362 Theo Walcott MF, FW 5 0 (2)
33%
285 Thiago Motta MF 6 0 (0)
33%
286 Thomas Gravesen MF 6 0 (0)
33%
116 Tiago Mendes MF 8 2 (0)
33%
444 Tim Borowski MF 4 0 (0)
33%
41 Timmy Simons DF, MF 10 1 (0)
33%
445 Timothée Atouba DF 4 0 (0)
33%
363 Tim Wiese GK 5 0 (0)
33%
606 Tolga Seyhan DF 2 0 (0)
33%
446 Tomáš Hübschman DF, MF 4 0 (0)
33%
364 Tomáš Rosický MF 5 1 (0)
33%
288 Tonel DF 6 0 (1)
33%
289 Torsten Frings MF 6 1 (1)
33%
517 Traianos Dellas DF 3 0 (0)
33%
290 Ulrich Ramé GK 6 0 (0)
33%
366 Valentin Badea FW 5 2 (0)
33%
518 Valeri Domovchiyski FW 3 0 (0)
33%
367 Valyantsin Byalkevich MF 5 0 (0)
33%
520 Vasilis Lakis MF, FW 3 1 (0)
33%
117 Víctor Valdés GK 8 0 (0)
33%
522 Vincent Kompany DF 3 0 (0)
33%
293 Vladimir Bystrov MF 6 0 (3)
33%
607 Vladimir Ivić MF 2 1 (0)
33%
693 Vyacheslav Sviderskyi DF 1 0 (0)
33%
295 William Kvist MF 6 0 (0)
33%
448 Wojciech Kowalewski GK 4 0 (0)
33%
296 Yegor Titov MF, FW 6 0 (0)
33%
298 Yuri Zhirkov DF, MF 6 1 (0)
33%
525 Zeljko Kalac GK 3 0 (0)
33%
608 Aarón Ñíguez MF, FW 1 0 (0)
0%
532 Álvaro Mejía DF 2 0 (0)
0%
614 Anton Grigoryev DF 1 0 (0)
0%
615 Artem Dzyuba FW 1 0 (0)
0%
378 Bastian Reinhardt DF 4 0 (0)
0%
540 Benjamin Lauth FW 2 0 (0)
0%
618 Borja Valero MF 1 0 (0)
0%
543 Bozhidar Mitrev GK 2 0 (0)
0%
545 Christos Patsatzoglou DF, MF 2 0 (0)
0%
461 Corrêa MF 3 0 (1)
0%
549 Custódio Castro MF 2 0 (0)
0%
185 Daniel Oprița MF, FW 6 0 (0)
0%
624 David Córcoles DF 1 0 (0)
0%
625 David Pérez Rubio MF 1 0 (0)
0%
630 Dmitri Torbinski MF 1 0 (0)
0%
384 Dmytro Chygrynskiy DF 4 0 (0)
0%
124 Éric Abidal DF 7 0 (0)
0%
633 Ezequias DF 1 0 (0)
0%
199 Fabio Grosso DF, MF 6 0 (1)
0%
466 Fernando Menegazzo MF 3 0 (0)
0%
319 Florin Lovin MF 5 0 (0)
0%
320 Fred FW 5 2 (0)
0%
321 Géder DF 5 0 (0)
0%
563 Gérald Cid DF 2 0 (0)
0%
636 Gigel Coman MF 1 0 (0)
0%
127 Grégory Coupet GK 7 0 (0)
0%
638 Grégory Malicki GK 1 0 (0)
0%
640 Harrison Otálvaro MF 1 0 (0)
0%
643 Hatem Ben Arfa MF, FW 1 0 (0)
0%
129 Hugo Viana MF 7 0 (0)
0%
403 Ilias Kyriakidis MF 4 0 (0)
0%
131 Iván Córdoba DF 7 0 (0)
0%
475 Ivan Taranov DF, MF 3 0 (0)
0%
476 Jaime Gavilán MF 3 0 (0)
0%
646 Jérémie Aliadière MF, FW 1 0 (0)
0%
647 Jérémy Berthod DF 1 0 (0)
0%
478 Jesper Grønkjær MF, FW 3 1 (0)
0%
651 Johan Audel MF, FW 1 0 (0)
0%
325 Johan Micoud MF 5 0 (0)
0%
481 Jorge Luiz Sousa MF, FW 3 0 (1)
0%
483 Juan Pablo Sorín DF, MF 3 0 (0)
0%
223 Julien Faubert DF, FW 6 2 (2)
0%
574 Kirill Kochubei MF 2 0 (0)
0%
653 Lachezar Baltanov MF 1 0 (0)
0%
229 Lars Jacobsen DF 6 0 (0)
0%
654 Leandro Bonfim MF, FW 1 0 (0)
0%
656 Lee Peltier DF 1 0 (0)
0%
657 Loïc Rémy FW 1 0 (0)
0%
96 Maicon Sisenando DF 8 1 (0)
0%
233 Marco Materazzi DF 6 0 (0)
0%
580 Mario Fillinger DF, MF 2 0 (0)
0%
581 Mariyan Ognyanov MF, FW 2 1 (0)
0%
491 Mark Wilson DF 3 0 (0)
0%
582 Martín Albano Pautasso DF 2 0 (0)
0%
140 Massimo Oddo DF 7 0 (1)
0%
141 Mathieu Bodmer DF, MF 7 0 (1)
0%
339 Mathieu Debuchy DF 5 0 (0)
0%
422 Mathieu Robail MF, FW 4 1 (0)
0%
237 Matteo Ferrari DF 6 0 (0)
0%
583 Maxwell DF 2 0 (0)
0%
660 Mehmet Güven MF 1 0 (0)
0%
492 Mehmet Topal DF, MF 3 0 (1)
0%
661 Michael Lamey DF 1 0 (0)
0%
493 Michael Reiziger DF 3 0 (0)
0%
241 Michael Silberbauer MF 6 0 (0)
0%
663 Miguel Ángel Nieto MF 1 0 (0)
0%
54 Miguel Monteiro DF 9 0 (0)
0%
586 Miguel Pallardó MF 2 0 (0)
0%
664 Miki Roqué DF, MF 1 0 (0)
0%
496 Milan Koprivarov MF 3 0 (0)
0%
667 Natxo Insa MF 1 0 (0)
0%
426 Nélson Marcos DF 4 1 (1)
0%
144 Nicolas Fauvergue FW 7 2 (1)
0%
499 Nikolay Dimitrov MF, FW 3 0 (0)
0%
252 Nuno Assis MF 6 0 (0)
0%
145 Olivier Dacourt MF 7 0 (0)
0%
257 Ovidiu Petre MF 6 0 (0)
0%
592 Panagiotis Lagos DF, MF 2 0 (0)
0%
502 Pantelis Kapetanos FW 3 0 (0)
0%
503 Patrick Kluivert FW 3 0 (0)
0%
147 Paulo Assunção MF 7 0 (0)
0%
431 Paulo Jorge MF 4 0 (0)
0%
351 Petit MF 5 0 (0)
0%
352 Petre Marin DF 5 0 (0)
0%
149 Phillip Cocu DF, FW 7 0 (1)
0%
676 Rens van Eijden DF 1 0 (0)
0%
355 Rio Mavuba MF 5 0 (0)
0%
677 Rodrigo Defendi DF 1 0 (0)
0%
681 Ruslan Rotan MF 1 0 (0)
0%
358 Sébastien Squillaci DF 5 0 (0)
0%
513 Sokratis Papastathopoulos DF 3 0 (0)
0%
603 Stavros Tziortziopoulos DF 2 0 (0)
0%
514 Stefano Okaka FW 3 0 (0)
0%
516 Stéphane Dalmat MF 3 1 (0)
0%
685 Stéphane Dumont MF 1 0 (0)
0%
684 Stephan Lichtsteiner DF, MF 1 0 (0)
0%
688 Valerio Virga MF 1 0 (0)
0%
447 Vangelis Moras DF 4 0 (0)
0%
519 Vasilică Cristocea MF 3 0 (1)
0%
689 Veselin Minev DF 1 0 (0)
0%
521 Vicente Rodríguez MF, FW 3 0 (1)
0%
690 Vicente Romero Romero MF 1 0 (0)
0%
691 Vieirinha DF, FW 1 0 (0)
0%
692 Vitaliy Mandzyuk DF 1 0 (0)
0%
368 Wendel Geraldo MF 5 0 (1)
0%
369 Yannick Djaló MF, FW 5 0 (0)
0%
297 Yohan Cabaye MF 6 0 (0)
0%
370 Zhivko Milanov DF 5 0 (0)
0%
No matching quizzes found
Score Distribution
Percent of People with Each Score
Percentile by Number Answered
Your Score History
You have not taken this quiz